¿Quién rompió las rejas de Monte Lupo? (Record no. 447560)
[ view plain ]
| 000 -CABECERA | |
|---|---|
| Campo de control de longitud fija | 00756nam a2200217 4500 |
| 001 - NÚMERO DE CONTROL | |
| Campo de control | 101867 |
| 003 - IDENTIFICADOR DEL NÚMERO DE CONTROL | |
| Campo de control | ES-SlBC |
| 005 - FECHA Y HORA DE LA ÚLTIMA TRANSACCIÓN | |
| Campo de control | 20230919072554.0 |
| 008 - CÓDIGOS DE INFORMACIÓN DE LONGITUD FIJA | |
| Campo de control de longitud fija | 850423s1984 sp spa |
| 017 ## - NÚMERO DE COPYRIGHT O DE DEPÓSITO LEGAL | |
| Número de copyright o de depósito legal | B 31630-1984 |
| Agencia que asigna el número | Oficina Depósito Legal Barcelona |
| 020 ## - NÚMERO INTERANCIONAL NORMALIZADO PARA LIBROS (ISBN) | |
| Número Internacional Normalizado para Libros (ISBN) | 8485501659 |
| Condiciones de disponibilidad | : 600 pts. |
| 040 ## - FUENTE DE LA CATALOGACIÓN | |
| Centro catalogador del origen | IBH |
| Lengua de catalogación | spa |
| Centro transcriptor | SpMaBN |
| Normas de descripción | rdc |
| Centro modificador | ES-SIBC |
| 080 ## - NÚMERO DE LA CLASIFICACIÓN DECIMAL UNIVERSAL | |
| Número de la Clasificación Decimal Universal | 616.981.45(455 Monte Lupo)"16"(04) |
| 100 10 - PUNTO DE ACCESO PRINCIPAL-NOMBRE DE PERSONA | |
| Nombre de persona | Cipolla, Carlo M. |
| Fechas asociadas al nombre | 1922-2000 |
| 9 (RLIN) | 87949 |
| 245 10 - MENCIÓN DE TÍTULO | |
| Título | ¿Quién rompió las rejas de Monte Lupo? |
| Mención de responsabilidad, etc. | Carlo M. CIPOLLA ; traducido del italiano por Francisco, MARTÍN |
| 260 0# - PUBLICACIÓN, DISTRIBUCIÓN, ETC... (PIE DE IMPRENTA) | |
| Lugar de publicación, distribución, etc. | Barcelona : |
| Nombre del editor, distribuidor, etc. | Muchnik |
| Fecha de publicación, distribución, etc. | , 1984 |
| 300 ## - DESCRIPCIÓN FÍSICA | |
| Extensión | 160 p. ; |
| Dimensiones | 20 cm |
| 650 #7 - PUNTO DE ACCESO ADICIONAL DE MATERIA-TÉRMINO DE MATERIA | |
| Término de materia o nombre geográfico como elemento inicial | Peste |
| Subdivisión geográfica | Monte Lupo |
| Subdivisión de forma | Historia |
| 9 (RLIN) | 87950 |
| 700 11 - PUNTO DE ACCESO ADICIONAL-NOMBRE DE PERSONA | |
| Nombre de persona | Martin Arribas, Francisco |
| 9 (RLIN) | 87951 |
| 942 ## - ENTRADA DE ELEMENTOS AGREGADOS (KOHA) | |
| Fuente de clasificaión o esquema | |
| Koha [por defecto] tipo de item | Libros |
| Suprimido | Perdido | Fuente de clasificación o esquema | Estropeado | No para préstamo | Localización permanente | Localización actual | Localización en estantería | Fecha adquisición | Préstamos totales | Signatura completa | Número de Registro / Código de Barras | Fecha última consulta | Fecha del precio de reemplazo | Tipo de item de Koha |
|---|---|---|---|---|---|---|---|---|---|---|---|---|---|---|
| San Esteban | San Esteban | Depósito de libros | 02/10/2013 | F.TRES 78 | 101867 | 02/10/2013 | 02/10/2013 | Libros |
